00356 a2200133 450000500170000002000180001708200120003510000150004724500450006226000280010730000450013570000220018070000200020220250626144426.0 a0-07-024181-3 a909 GOU aGOUCHER, C aIn the Balance: Themes in Global History aBostonbNew Yorkc1998. axxxiii,971p.: ill.; figuresbIndexc22cm aCharles A. Leguin aLinda A. Walton